[Event "Brno Open 2022 - A IM Round Robin"]
[Site "Bobycentrum hotel, Brno"]
[Date "2022.11.12"]
[Round "1"]
[Board "1"]
[White "Pisk, Petr"]
[Black "Flasik, Radoslav"]
[Result "1/2-1/2"]
[WhiteElo "2328"]
[BlackElo "2122"]
[PlyCount "44"]
[EventDate "2022.11.12"]
[EventRounds "9"]
[EventCountry "CZE"]

1. d4 d5 2. Nf3 e6 3. Bg5 Be7 4. Bxe7 Qxe7 5. Nbd2 Nf6 6. c4 O-O 7. Rc1 c6 8. e3
Nbd7 9. Be2 e5 10. dxe5 Nxe5 11. cxd5 Nxd5 12. O-O Ng4 13. Nc4 Rd8 14. Qb3 c5 15.
h3 Ngf6 16. a3 Be6 17. Qc2 h6 18. Nfe5 Qc7 19. Nf3 Rac8 20. Rfd1 b5 21. Nce5 Qb6
22. Bf1 Nd7  1/2-1/2

[Event "Brno Open 2022 - A IM Round Robin"]
[Site "Bobycentrum hotel, Brno"]
[Date "2022.11.12"]
[Round "1"]
[Board "2"]
[White "Mannion, Stephen R"]
[Black "Hoefelsauer, Thomas"]
[Result "1-0"]
[WhiteElo "2227"]
[BlackElo "2349"]
[PlyCount "85"]
[EventDate "2022.11.12"]
[EventRounds "9"]
[EventCountry "CZE"]

1. e4 c6 2. d4 d5 3. e5 c5 4. dxc5 e6 5. a3 Bxc5 6. Qg4 Ne7 7. Nf3 O-O 8. Bd3 f5
9. exf6 Rxf6 10. Qh5 h6 11. O-O Bd6 12. Bd2 Nbc6 13. Bc3 e5 14. Nxe5 Nxe5 15. Bxe5
g6 16. Qe2 Re6 17. f4 Nc6 18. Nc3 Nxe5 19. fxe5 Rxe5 20. Qf3 Bf5 21. Bxf5 Rxf5 22.
Qg4 Qg5 23. Qxg5 Rxg5 24. Rad1 Rd8 25. Kh1 Re5 26. Nxd5 Kg7 27. Nc3 Be7 28. Rxd8
Bxd8 29. g3 Ba5 30. b4 Bb6 31. Rd1 Re7 32. Nd5 Rd7 33. c4 Bd8 34. Kg2 Be7 35. Kf3
a5 36. Ke2 axb4 37. axb4 Bg5 38. c5 Rf7 39. b5 h5 40. c6 bxc6 41. bxc6 Bd8 42. Rc1
Bc7 43. Rf1  1-0

[Event "Brno Open 2022 - A IM Round Robin"]
[Site "Bobycentrum hotel, Brno"]
[Date "2022.11.12"]
[Round "1"]
[Board "3"]
[White "Szwed, Jacek"]
[Black "Nemec, Jachym"]
[Result "1/2-1/2"]
[WhiteElo "2379"]
[BlackElo "2341"]
[PlyCount "84"]
[EventDate "2022.11.12"]
[EventRounds "9"]
[EventCountry "CZE"]

1. e4 c6 2. d4 d5 3. Nd2 dxe4 4. Nxe4 Bf5 5. Nc5 Nd7 6. Bd3 Nxc5 7. Bxf5 e6 8. Bh3
Ne4 9. Nf3 Qa5+ 10. c3 Bd6 11. O-O Ngf6 12. Re1 h6 13. Qc2 Ng5 14. Bxg5 hxg5 15.
Rxe6+ fxe6 16. Qg6+ Kd8 17. Nxg5 Rxh3 18. Nxh3 Qf5 19. Qxg7 Nd7 20. Qg8+ Qf8 21.
Qxe6 Kc7 22. Re1 Qg7 23. g3 Rf8 24. Kg2 Nf6 25. Re2 Qg6 26. Qe3 Rh8 27. Nf4 Qg4 28.
f3 Qd7 29. Qe6 Bxf4 30. Qxf6 Qh3+ 31. Kg1 Be3+ 32. Rxe3 Qxh2+ 33. Kf1 Qh1+ 34. Ke2
Rh2+ 35. Kd3 Qb1+ 36. Kc4 Qxa2+ 37. Kd3 Qb1+ 38. Kc4 Qf1+ 39. Rd3 b5+ 40. Kc5 Rh5+
41. Kb4 a5+ 42. Kb3 Qxd3  1/2-1/2

[Event "Brno Open 2022 - A IM Round Robin"]
[Site "Bobycentrum hotel, Brno"]
[Date "2022.11.12"]
[Round "1"]
[Board "4"]
[White "Kusa, Jakub"]
[Black "Wiley, Tom E"]
[Result "1-0"]
[WhiteElo "2374"]
[BlackElo "2116"]
[PlyCount "133"]
[EventDate "2022.11.12"]
[EventRounds "9"]
[EventCountry "CZE"]

1. d4 Nf6 2. c4 e6 3. Nf3 d5 4. g3 dxc4 5. Bg2 Bb4+ 6. Bd2 a5 7. Qc2 Bxd2+ 8. Nbxd2
b5 9. a4 c6 10. O-O O-O 11. b3 cxb3 12. Nxb3 b4 13. e4 Nbd7 14. Rfd1 Bb7 15. Rac1
Qe7 16. Nfd2 c5 17. dxc5 Rfe8 18. Nc4 Bc6 19. Nd6 Bxa4 20. Nxe8 Rxe8 21. e5 Nxe5
22. Qa2 Bxb3 23. Qxb3 h6 24. c6 Qc7 25. Rc5 Ng6 26. Qa4 Ne7 27. Rxa5 Nfd5 28. Bxd5
Nxd5 29. Ra8 Kf8 30. Rxe8+ Kxe8 31. Ra1 Qb8 32. Qa5 b3 33. Rb1 Ke7 34. Qa3+ Qb4 35.
Qxb3 Qxb3 36. Rxb3 Kd6 37. Rb7 Nc7 38. Rb8 Kxc6 39. Rg8 g5 40. Rh8 Kd6 41. Rxh6 Ke5
42. h3 Nd5 43. Kg2 Ne7 44. Rh8 Kf6 45. Kf3 Ng6 46. Ra8 Ne5+ 47. Ke4 Ng6 48. Ra5 Ne7
49. Ra3 Ng6 50. Kd4 Ne5 51. Rc3 Ng6 52. Kc5 Ne5 53. Kd6 Ng6 54. Re3 Kg7 55. Kd7 Nf8+
56. Ke7 Ng6+ 57. Ke8 Nf8 58. Ra3 Ng6 59. Ra7 Nh8 60. h4 gxh4 61. gxh4 Kg6 62. Ra5
Kf6 63. h5 Kg7 64. Rg5+ Kh6 65. Rg8 Kh7 66. Rxh8+ Kxh8 67. Kxf7  1-0

[Event "Brno Open 2022 - A IM Round Robin"]
[Site "Bobycentrum hotel, Brno"]
[Date "2022.11.12"]
[Round "1"]
[Board "5"]
[White "Meszaros, Andras"]
[Black "Finek, Vaclav"]
[Result "0-1"]
[WhiteElo "2161"]
[BlackElo "2404"]
[PlyCount "96"]
[EventDate "2022.11.12"]
[EventRounds "9"]
[EventCountry "CZE"]

1. e4 c5 2. Nf3 g6 3. Bc4 Bg7 4. c3 e6 5. O-O Ne7 6. d4 cxd4 7. cxd4 O-O 8. Bg5 h6
9. Bh4 g5 10. Bg3 d5 11. exd5 exd5 12. Bb3 Bg4 13. Be5 Nbc6 14. Bxg7 Kxg7 15. Nc3
a6 16. Re1 Qd6 17. Qd3 Bxf3 18. Qxf3 Nxd4 19. Qd3 Nxb3 20. axb3 Rad8 21. Qd4+ Qf6
22. Qb4 Rd7 23. h4 Rfd8 24. Rad1 Nf5 25. hxg5 hxg5 26. Qg4 Re7 27. Rxe7 Nxe7 28.
Ne4 Qf4 29. Qxg5+ Qxg5 30. Nxg5 Rc8 31. Rd2 Rc1+ 32. Kh2 Kf6 33. Nf3 Ke6 34. Ng5+
Kf6 35. Nf3 Rc5 36. g4 Nc6 37. Kg3 Ke6 38. Kf4 f6 39. Re2+ Kf7 40. Rd2 Rb5 41. Rd3
Rb4+ 42. Ke3 Ke6 43. g5 Ne5 44. Nxe5 fxe5 45. f3 Kf5 46. Rxd5 Rxb3+ 47. Kf2 Rxb2+
48. Kg3 Rb5  0-1

[Event "Brno Open 2022 - A IM Round Robin"]
[Site "Bobycentrum hotel, Brno"]
[Date "2022.11.13"]
[Round "2"]
[Board "1"]
[White "Flasik, Radoslav"]
[Black "Finek, Vaclav"]
[Result "0-1"]
[WhiteElo "2122"]
[BlackElo "2404"]
[PlyCount "82"]
[EventDate "2022.11.12"]
[EventRounds "9"]
[EventCountry "CZE"]

1. d4 d5 2. c4 e6 3. Nf3 Nf6 4. g3 c6 5. Bg2 Be7 6. O-O O-O 7. Nc3 Nbd7 8. b3 b6
9. Bb2 Ba6 10. Nd2 b5 11. e4 bxc4 12. e5 Ne8 13. bxc4 Nb6 14. c5 Bxf1 15. Bxf1 Nd7
16. Qa4 Nb8 17. Re1 a6 18. Ba3 Nc7 19. Bb4 Qd7 20. Nb3 Nb5 21. Ne2 Qc8 22. Na5 Nd7
23. Qd1 Bd8 24. Qd3 Rb8 25. Qe3 Re8 26. Nf4 Nf8 27. Nh5 Qd7 28. a4 Nc7 29. Bd2 Be7
30. Qf3 Ng6 31. Bd3 Rb2 32. Bc3 Ra2 33. Qd1 Rb8 34. Bb1 Ra3 35. Qc2 Bd8 36. Bb2 Rxb2
37. Qxb2 Rxa4 38. Nb7 Nb5 39. Nxd8 Qxd8 40. Bxg6 hxg6 41. Nf4 Rxd4  0-1

[Event "Brno Open 2022 - A IM Round Robin"]
[Site "Bobycentrum hotel, Brno"]
[Date "2022.11.13"]
[Round "2"]
[Board "2"]
[White "Wiley, Tom E"]
[Black "Meszaros, Andras"]
[Result "1-0"]
[WhiteElo "2116"]
[BlackElo "2161"]
[PlyCount "69"]
[EventDate "2022.11.12"]
[EventRounds "9"]
[EventCountry "CZE"]

1. d4 Nf6 2. c4 c5 3. d5 b5 4. Qc2 d6 5. e4 g6 6. cxb5 a6 7. Nc3 Bg7 8. Nf3 O-O 9.
a4 e6 10. dxe6 Bxe6 11. Ra3 Re8 12. Be2 axb5 13. Bxb5 Bd7 14. O-O Nc6 15. Rd1 Nb4
16. Qb1 Bxb5 17. axb5 Qb6 18. h3 Rad8 19. Bg5 h6 20. Bh4 Re6 21. Nd2 Qb7 22. Nc4
g5 23. Bg3 d5 24. exd5 Nfxd5 25. b6 Rde8 26. Nxd5 Nxd5 27. Nd6 Rxd6 28. Bxd6 Bd4
29. Qf5 Nxb6 30. Rb3 Qc6 31. Bg3 Nd5 32. Rf3 Qb7 33. Qc2 Qd7 34. b3 Nf6 35. Rxf6
 1-0

[Event "Brno Open 2022 - A IM Round Robin"]
[Site "Bobycentrum hotel, Brno"]
[Date "2022.11.13"]
[Round "2"]
[Board "3"]
[White "Nemec, Jachym"]
[Black "Kusa, Jakub"]
[Result "1/2-1/2"]
[WhiteElo "2341"]
[BlackElo "2374"]
[PlyCount "136"]
[EventDate "2022.11.12"]
[EventRounds "9"]
[EventCountry "CZE"]

1. d4 d5 2. c4 e6 3. Nc3 a6 4. cxd5 exd5 5. Nf3 h6 6. Bf4 Nf6 7. e3 Bd6 8. Bxd6 Qxd6
9. Bd3 Bg4 10. Qb3 Nbd7 11. Nh4 c5 12. Bf5 cxd4 13. exd4 Bxf5 14. Nxf5 Qe6+ 15. Ne3
Nb6 16. O-O O-O 17. Rfe1 Rfe8 18. h3 Rad8 19. a4 Rd7 20. Ng4 Qxe1+ 21. Rxe1 Rxe1+
22. Kh2 Nxg4+ 23. hxg4 Re6 24. Qb4 Nc4 25. Nxd5 Rxd5 26. Qxc4 Rd8 27. Qc7 Rxd4 28.
f3 Rb4 29. b3 a5 30. Qxa5 Rxb3 31. Qd5 Rbb6 32. Qd8+ Kh7 33. Qd7 Rf6 34. Kg3 g6 35.
Kh2 Kg7 36. Qd4 Rbd6 37. Qb2 b6 38. Qc3 Rc6 39. Qd4 g5 40. Qe4 Rce6 41. Qd4 Rd6 42.
Qe5 Rde6 43. Qd4 Rc6 44. Kg3 Rcd6 45. Qe5 Kf8 46. Qc3 Rc6 47. Qb4+ Kg8 48. a5 bxa5
49. Qxa5 Rc8 50. Qe5 Re6 51. Qd4 Re2 52. Qd3 Rce8 53. Qd6 R2e6 54. Qd5 Rb8 55. Qd2
Kf8 56. Qd4 Rbe8 57. Qh8+ Ke7 58. Qd4 Rd8 59. Qb4+ Ke8 60. Qb5+ Kf8 61. Qc5+ Kg8
62. Qc2 Red6 63. Qe4 Rd2 64. Qe7 Rc8 65. Kh3 Rcc2 66. Qe8+ Kg7 67. Qe4 Kg8 68. Qe8+
Kg7  1/2-1/2

[Event "Brno Open 2022 - A IM Round Robin"]
[Site "Bobycentrum hotel, Brno"]
[Date "2022.11.13"]
[Round "2"]
[Board "4"]
[White "Hoefelsauer, Thomas"]
[Black "Szwed, Jacek"]
[Result "1/2-1/2"]
[WhiteElo "2349"]
[BlackElo "2379"]
[PlyCount "82"]
[EventDate "2022.11.12"]
[EventRounds "9"]
[EventCountry "CZE"]

1. d4 d5 2. Nf3 Nf6 3. c4 dxc4 4. e3 e6 5. Bxc4 a6 6. O-O c5 7. dxc5 Bxc5 8. Qxd8+
Kxd8 9. a3 Ke7 10. b4 Bd6 11. Bb2 b5 12. Be2 Bb7 13. Nbd2 Nbd7 14. Nb3 Bd5 15. Nfd4
Nb6 16. Na5 Rhc8 17. Rac1 Ne4 18. Ndc6+ Kd7 19. Ne5+ Ke8 20. f3 Nd2 21. Rfd1 Rxc1
22. Rxc1 Rc8 23. Rxc8+ Nxc8 24. e4 Ba2 25. Nd3 f6 26. Nc5 Bxc5+ 27. bxc5 Nc4 28.
Nxc4 Bxc4 29. Bxc4 bxc4 30. Kf2 Kd7 31. a4 Ne7 32. Ke3 Nc6 33. Kd2 Nb4 34. Bd4 Nd3
35. Kc3 Ne1 36. Kxc4 Nxg2 37. Bf2 Nf4 38. Bg3 Ne2 39. Bf2 Nf4 40. Bg3 Ne2 41. Bf2
Nf4  1/2-1/2

[Event "Brno Open 2022 - A IM Round Robin"]
[Site "Bobycentrum hotel, Brno"]
[Date "2022.11.13"]
[Round "2"]
[Board "5"]
[White "Pisk, Petr"]
[Black "Mannion, Stephen R"]
[Result "1/2-1/2"]
[WhiteElo "2328"]
[BlackElo "2227"]
[PlyCount "73"]
[EventDate "2022.11.12"]
[EventRounds "9"]
[EventCountry "CZE"]

1. d4 d5 2. Nf3 Nf6 3. e3 c5 4. Nbd2 cxd4 5. exd4 Nc6 6. c3 Bf5 7. Qb3 Qc7 8. Be2
e6 9. Nf1 Bd6 10. Ng3 Bg4 11. Bg5 Nd7 12. O-O O-O 13. Rfe1 Rae8 14. Rad1 h6 15. Bc1
a6 16. Qc2 Nf6 17. Be3 Rc8 18. Qc1 Nh5 19. h3 Nxg3 20. hxg4 Ne4 21. g5 hxg5 22. Nxg5
Nxg5 23. Bxg5 Rce8 24. Bf3 Ne7 25. g3 Nf5 26. Bg2 b5 27. Rd3 f6 28. Bd2 Qc4 29. Qb1
Kf7 30. Bf1 Qc8 31. Rf3 g6 32. Qd3 Rh8 33. Bg2 Qc4 34. Qb1 Qc8 35. Qd3 Qc4 36. Qb1
Qc8 37. Qd3  1/2-1/2

[Event "Brno Open 2022 - A IM Round Robin"]
[Site "Bobycentrum hotel, Brno"]
[Date "2022.11.14"]
[Round "3"]
[Board "1"]
[White "Mannion, Stephen R"]
[Black "Flasik, Radoslav"]
[Result "1/2-1/2"]
[WhiteElo "2227"]
[BlackElo "2122"]
[PlyCount "37"]
[EventDate "2022.11.12"]
[EventRounds "9"]
[EventCountry "CZE"]

1. e4 c5 2. Nf3 d6 3. d4 cxd4 4. Nxd4 Nf6 5. Nc3 Nc6 6. Bg5 e6 7. Qd2 Be7 8. O-O-O
a6 9. Kb1 Nxd4 10. Qxd4 Qa5 11. Bd2 Qc7 12. f3 b5 13. g4 e5 14. Nd5 Nxd5 15. Qxd5
Bb7 16. Ba5 Bxd5 17. Bxc7 Be6 18. Be2 Kd7 19. Ba5  1/2-1/2

[Event "Brno Open 2022 - A IM Round Robin"]
[Site "Bobycentrum hotel, Brno"]
[Date "2022.11.14"]
[Round "3"]
[Board "2"]
[White "Szwed, Jacek"]
[Black "Pisk, Petr"]
[Result "1-0"]
[WhiteElo "2379"]
[BlackElo "2328"]
[PlyCount "81"]
[EventDate "2022.11.12"]
[EventRounds "9"]
[EventCountry "CZE"]

1. e4 d5 2. exd5 Nf6 3. Nf3 Nxd5 4. d4 Bg4 5. h3 Bh5 6. c4 Nb6 7. g4 Bg6 8. Qb3 Be4
9. Nbd2 Bc6 10. d5 Ba4 11. Qd3 Na6 12. b3 Bd7 13. Bb2 c6 14. dxc6 Bxc6 15. O-O-O
Nd7 16. Ne4 Bxe4 17. Qxe4 Nac5 18. Qe3 Qb6 19. Bg2 f6 20. Nd4 O-O-O 21. Bd5 e5 22.
Nb5 a6 23. Nc3 Kb8 24. Kb1 Be7 25. Bg2 Rc8 26. Ba3 Rhd8 27. Nd5 Qe6 28. Nxe7 Qxe7
29. Rd5 Rc7 30. Rhd1 Rdc8 31. Be4 Nb6 32. Rxc5 Rxc5 33. Bxh7 Ka7 34. Bf5 R8c7 35.
h4 a5 36. h5 Qf8 37. f3 Qe7 38. f4 Ka6 39. g5 e4 40. h6 gxh6 41. gxh6  1-0

[Event "Brno Open 2022 - A IM Round Robin"]
[Site "Bobycentrum hotel, Brno"]
[Date "2022.11.14"]
[Round "3"]
[Board "3"]
[White "Kusa, Jakub"]
[Black "Hoefelsauer, Thomas"]
[Result "1/2-1/2"]
[WhiteElo "2374"]
[BlackElo "2349"]
[PlyCount "113"]
[EventDate "2022.11.12"]
[EventRounds "9"]
[EventCountry "CZE"]

1. d4 d5 2. c4 e6 3. Nf3 c6 4. Nc3 dxc4 5. a4 Bb4 6. g3 c5 7. dxc5 Qxd1+ 8. Kxd1
Nf6 9. e3 Ng4 10. Ke2 Bd7 11. h3 Nf6 12. Ne5 Bc6 13. Nxc6 Nxc6 14. Nb5 Ke7 15. Bg2
Na5 16. Rb1 Nd7 17. Bxb7 Nxb7 18. c6 Nbc5 19. cxd7 Rhd8 20. Nd4 Kxd7 21. Rd1 Kc7
22. Bd2 Bxd2 23. Rxd2 e5 24. Nb5+ Kc6 25. Rc2 Nxa4 26. Na3 Kd6 27. Nxc4+ Ke6 28.
Ra1 Nb6 29. Nxb6 axb6 30. Rc6+ Kd5 31. Rxa8 Rxa8 32. Rxb6 Ra7 33. Kd3 e4+ 34. Kc3
Re7 35. Kd2 Kc5 36. Rb3 Rd7+ 37. Kc2 Rd6 38. Rc3+ Kb5 39. Kc1 Rf6 40. Rc2 g5 41.
Rd2 Kc5 42. Kd1 h5 43. Ke1 Rb6 44. g4 h4 45. Rd7 Rxb2 46. Rxf7 Rb1+ 47. Ke2 Rh1 48.
Rf5+ Kd6 49. Rxg5 Rxh3 50. Kd2 Rh1 51. Rg6+ Ke7 52. g5 h3 53. Rh6 h2 54. Rh4 Kf7
55. Rh6 Kg7 56. Ke2 Kf7 57. Kd2  1/2-1/2

[Event "Brno Open 2022 - A IM Round Robin"]
[Site "Bobycentrum hotel, Brno"]
[Date "2022.11.14"]
[Round "3"]
[Board "4"]
[White "Meszaros, Andras"]
[Black "Nemec, Jachym"]
[Result "0-1"]
[WhiteElo "2161"]
[BlackElo "2341"]
[PlyCount "66"]
[EventDate "2022.11.12"]
[EventRounds "9"]
[EventCountry "CZE"]

1. e4 c5 2. Ne2 d6 3. d4 cxd4 4. Nxd4 Nf6 5. Nc3 a6 6. Bc4 e6 7. Bb3 b5 8. Bg5 Be7
9. Qf3 Qb6 10. O-O-O Nbd7 11. Rhe1 O-O 12. Be3 Qc7 13. g4 Nc5 14. Bg5 h6 15. Bxf6
Bxf6 16. Qg2 Bd7 17. f4 a5 18. g5 hxg5 19. fxg5 Be5 20. Kb1 Rae8 21. Re3 a4 22. Rh3
g6 23. Qf2 Kg7 24. Nf5+ exf5 25. Bd5 Qc8 26. Rh6 Rh8 27. exf5 Bxf5 28. Nxb5 Ne6 29.
Bxe6 Qxe6 30. Nc7 Qc4 31. Nxe8+ Rxe8 32. Rh4 Qb5 33. Rhd4 Rb8  0-1

[Event "Brno Open 2022 - A IM Round Robin"]
[Site "Bobycentrum hotel, Brno"]
[Date "2022.11.14"]
[Round "3"]
[Board "5"]
[White "Finek, Vaclav"]
[Black "Wiley, Tom E"]
[Result "1-0"]
[WhiteElo "2404"]
[BlackElo "2116"]
[PlyCount "129"]
[EventDate "2022.11.12"]
[EventRounds "9"]
[EventCountry "CZE"]

1. d4 d5 2. c4 dxc4 3. Nf3 a6 4. e3 b5 5. a4 Bb7 6. b3 e6 7. axb5 axb5 8. Rxa8 Bxa8
9. bxc4 bxc4 10. Bxc4 Nf6 11. O-O Be7 12. Ne5 O-O 13. Qa4 Nbd7 14. Nc6 Bxc6 15. Qxc6
Nb8 16. Qb5 c6 17. Qb3 c5 18. dxc5 Bxc5 19. Bb2 Nbd7 20. Nc3 Qb6 21. Qa2 Be7 22.
Ba1 Nc5 23. Rb1 Qc6 24. Nb5 Rd8 25. Qe2 Qe4 26. Rf1 Nd3 27. Nd4 Nb4 28. h3 h6 29.
Bb2 Nc6 30. Nf3 Ne8 31. Rc1 Nb4 32. Nd2 Qb7 33. Nb3 Bf6 34. Bxf6 Nxf6 35. Nd4 Nbd5
36. Bd3 Ne7 37. Nf3 Rc8 38. Rxc8+ Qxc8 39. Qb2 Ned5 40. Ne5 Qc7 41. Qa1 g5 42. Bc4
Nb6 43. Qd4 Nxc4 44. Nxc4 Qe7 45. Ne5 Ne8 46. g3 Qd6 47. Qa1 Nf6 48. Qa8+ Kg7 49.
Qh8+ Kxh8 50. Nxf7+ Kg7 51. Nxd6 Nd5 52. Kg2 Kf6 53. Kf3 h5 54. g4 hxg4+ 55. hxg4
Kg6 56. Ne4 Nb4 57. Nc5 Kf6 58. Ke4 Nc6 59. Nd7+ Ke7 60. Ne5 Nb4 61. Nf3 Kf6 62.
Kd4 Nd5 63. Nd2 Nb6 64. Ne4+ Kg6 65. Ke5  1-0

[Event "Brno Open 2022 - A IM Round Robin"]
[Site "Bobycentrum hotel, Brno"]
[Date "2022.11.15"]
[Round "4"]
[Board "1"]
[White "Flasik, Radoslav"]
[Black "Wiley, Tom E"]
[Result "1/2-1/2"]
[WhiteElo "2122"]
[BlackElo "2116"]
[PlyCount "86"]
[EventDate "2022.11.12"]
[EventRounds "9"]
[EventCountry "CZE"]

1. d4 Nf6 2. c4 e6 3. g3 c5 4. Nf3 cxd4 5. Nxd4 d5 6. Bg2 e5 7. Nf3 d4 8. O-O Nc6
9. b4 e4 10. Ng5 Bxb4 11. Nxe4 Nxe4 12. Bxe4 Bh3 13. Bg2 Bxg2 14. Kxg2 O-O 15. Nd2
Qe7 16. Nf3 Rad8 17. a3 Ba5 18. Qd3 Rfe8 19. Ra2 h6 20. Rd1 Bb6 21. Rc2 Bc5 22. Bb2
Rd6 23. Qf5 b6 24. Rd3 Rf6 25. Qg4 Rg6 26. Qf4 Re6 27. Nxd4 Bxd4 28. Bxd4 Re4 29.
Qd2 Rxe2 30. Qxe2 Qxe2 31. Rxe2 Rxe2 32. Be3 Rc2 33. c5 bxc5 34. Rd6 Ne7 35. g4 f5
36. Rd7 Kf7 37. Rxa7 fxg4 38. Rc7 Ke6 39. Rxc5 Rxc5 40. Bxc5 Nf5 41. Bf8 h5 42. h3
gxh3+ 43. Kxh3 g5  1/2-1/2

[Event "Brno Open 2022 - A IM Round Robin"]
[Site "Bobycentrum hotel, Brno"]
[Date "2022.11.15"]
[Round "4"]
[Board "2"]
[White "Nemec, Jachym"]
[Black "Finek, Vaclav"]
[Result "1/2-1/2"]
[WhiteElo "2341"]
[BlackElo "2404"]
[PlyCount "127"]
[EventDate "2022.11.12"]
[EventRounds "9"]
[EventCountry "CZE"]

1. d4 d5 2. Nf3 Nf6 3. Bf4 e6 4. e3 Bd6 5. Nbd2 O-O 6. c3 c5 7. Bg3 Qc7 8. Bd3 Nbd7
9. Qe2 e5 10. dxe5 Nxe5 11. Nxe5 Bxe5 12. O-O-O Re8 13. Kb1 Rb8 14. Nf3 Bg4 15. Bxe5
Rxe5 16. c4 d4 17. Qd2 dxe3 18. fxe3 Re7 19. Rhe1 Rbe8 20. e4 Bxf3 21. gxf3 Nh5 22.
Bc2 g6 23. a3 Qf4 24. Qf2 Rc7 25. Rd5 Nf6 26. Rd2 Re5 27. Red1 Kg7 28. Qg3 Nh5 29.
Qf2 Nf6 30. Qg3 Nh5 31. Qf2 b6 32. Ba4 Rce7 33. Bc6 R5e6 34. Bd5 Rf6 35. Rf1 Qe5
36. Ka2 Rf4 37. Rdd1 Nf6 38. Qg3 Nh5 39. Qf2 Qf6 40. Rde1 Re5 41. Qe3 Rh4 42. Rf2
Qf4 43. Qe2 Nf6 44. Rg1 Re7 45. Rfg2 Nd7 46. Rg4 Rxh2 47. R1g2 Rxg2 48. Qxg2 Qe3
49. Rh4 Nf6 50. Qh2 h5 51. Qd6 Rd7 52. Qe5 Qd4 53. Qxd4 cxd4 54. Kb1 Re7 55. Kc2
Kh6 56. Kd3 Kg5 57. Rh1 Kf4 58. b4 Nd7 59. Kxd4 Ne5 60. c5 Nxf3+ 61. Kd3 Ne5+ 62.
Kd4 Nf3+ 63. Kd3 Ne5+ 64. Kd4  1/2-1/2

[Event "Brno Open 2022 - A IM Round Robin"]
[Site "Bobycentrum hotel, Brno"]
[Date "2022.11.15"]
[Round "4"]
[Board "3"]
[White "Hoefelsauer, Thomas"]
[Black "Meszaros, Andras"]
[Result "1-0"]
[WhiteElo "2349"]
[BlackElo "2161"]
[PlyCount "97"]
[EventDate "2022.11.12"]
[EventRounds "9"]
[EventCountry "CZE"]

1. Nf3 Nf6 2. c4 d6 3. d4 g6 4. g3 Bg7 5. Bg2 O-O 6. O-O Nbd7 7. Nc3 e5 8. e4 exd4
9. Nxd4 Re8 10. h3 Nc5 11. Re1 Bd7 12. Rb1 h6 13. b3 Ne6 14. Nxe6 Bxe6 15. Bb2 Qd7
16. Kh2 c6 17. Qd2 Rad8 18. Rbd1 Qc7 19. Ne2 Bc8 20. Nf4 h5 21. Ba3 Bf8 22. Bb2 Bg7
23. Ba3 Bf8 24. Kg1 Qb6 25. Bb2 Bg7 26. Bd4 Qc7 27. Qb2 Qe7 28. Nd3 Be6 29. f4 Bc8
30. Be3 c5 31. f5 g5 32. Rf1 Bd7 33. Rfe1 Bc6 34. b4 a6 35. bxc5 dxc5 36. Nf2 Rd4
37. e5 Qc7 38. Bxd4 cxd4 39. Bxc6 bxc6 40. exf6 Qxg3+ 41. Kh1 Rxe1+ 42. Rxe1 Bxf6
43. Qe2 Kg7 44. Rg1 Qf4 45. Rf1 Qxf5 46. Ng4 d3 47. Qg2 d2 48. Rxf5 d1=Q+ 49. Rf1
 1-0

[Event "Brno Open 2022 - A IM Round Robin"]
[Site "Bobycentrum hotel, Brno"]
[Date "2022.11.15"]
[Round "4"]
[Board "4"]
[White "Pisk, Petr"]
[Black "Kusa, Jakub"]
[Result "1/2-1/2"]
[WhiteElo "2328"]
[BlackElo "2374"]
[PlyCount "32"]
[EventDate "2022.11.12"]
[EventRounds "9"]
[EventCountry "CZE"]

1. d4 d5 2. Nf3 e6 3. g3 c5 4. Bg2 cxd4 5. O-O Nf6 6. Nxd4 e5 7. Nb3 Be6 8. e4 Nc6
9. exd5 Nxd5 10. Bd2 Be7 11. Nc3 O-O 12. Nxd5 Bxd5 13. Be3 Bxg2 14. Kxg2 Rc8 15.
Qxd8 Rfxd8 16. Rfd1 f6  1/2-1/2

[Event "Brno Open 2022 - A IM Round Robin"]
[Site "Bobycentrum hotel, Brno"]
[Date "2022.11.16"]
[Round "5"]
[Board "1"]
[White "Szwed, Jacek"]
[Black "Flasik, Radoslav"]
[Result "1-0"]
[WhiteElo "2379"]
[BlackElo "2122"]
[PlyCount "54"]
[EventDate "2022.11.12"]
[EventRounds "9"]
[EventCountry "CZE"]

1. e4 c5 2. Nf3 d6 3. d4 cxd4 4. Nxd4 Nf6 5. Nc3 Nc6 6. Nde2 e6 7. g3 Be7 8. Bg2
O-O 9. O-O Bd7 10. h3 a6 11. g4 b5 12. Ng3 b4 13. Nce2 h6 14. b3 Rc8 15. a3 d5 16.
axb4 Nxe4 17. Nxe4 dxe4 18. c3 Ne5 19. Bxe4 Bb5 20. c4 Bc6 21. Ng3 Bxb4 22. Rxa6
Bxe4 23. Nxe4 Qh4 24. Kg2 f5 25. Rxe6 Rcd8 26. Qe2 fxg4 27. Rxe5 Rf3  1-0

[Event "Brno Open 2022 - A IM Round Robin"]
[Site "Bobycentrum hotel, Brno"]
[Date "2022.11.16"]
[Round "5"]
[Board "2"]
[White "Kusa, Jakub"]
[Black "Mannion, Stephen R"]
[Result "1/2-1/2"]
[WhiteElo "2374"]
[BlackElo "2227"]
[PlyCount "67"]
[EventDate "2022.11.12"]
[EventRounds "9"]
[EventCountry "CZE"]

1. Nf3 d5 2. c4 d4 3. e3 Nc6 4. b4 Bg4 5. b5 Ne5 6. Bb2 c5 7. bxc6 Bxf3 8. gxf3 Nxc6
9. Qa4 e5 10. Na3 Bc5 11. O-O-O Nge7 12. Nc2 O-O 13. Rg1 a6 14. Qb3 Qd6 15. Qd3 f5
16. f4 Ng6 17. fxe5 Ncxe5 18. Qb3 d3 19. Ne1 Rad8 20. f4 Ng4 21. Nxd3 Nxe3 22. Rxg6
hxg6 23. dxe3 Bxe3+ 24. Kc2 Qc6 25. Re1 Rfe8 26. Kb1 Bxf4 27. Rxe8+ Rxe8 28. Qc3
Bh6 29. Qd4 Kh7 30. Qd5 Qa4 31. Nc5 Qb4 32. Bd3 Qe1+ 33. Kc2 Qf2+ 34. Kb3  1/2-1/2

[Event "Brno Open 2022 - A IM Round Robin"]
[Site "Bobycentrum hotel, Brno"]
[Date "2022.11.16"]
[Round "5"]
[Board "4"]
[White "Finek, Vaclav"]
[Black "Hoefelsauer, Thomas"]
[Result "1/2-1/2"]
[WhiteElo "2404"]
[BlackElo "2349"]
[PlyCount "100"]
[EventDate "2022.11.12"]
[EventRounds "9"]
[EventCountry "CZE"]

1. d4 d5 2. c4 c6 3. Nf3 Nf6 4. Qc2 dxc4 5. Qxc4 e6 6. g3 b5 7. Qd3 Bb7 8. Bg2 a6
9. a4 c5 10. O-O c4 11. Qc2 Be7 12. Bg5 Nbd7 13. Nbd2 h6 14. Bxf6 Nxf6 15. e3 O-O
16. b3 cxb3 17. Qxb3 b4 18. Ne5 Bxg2 19. Kxg2 Rc8 20. Rfc1 Qd5+ 21. Qxd5 exd5 22.
Rc6 Rxc6 23. Nxc6 Bd6 24. Rc1 Nd7 25. Na5 Rb8 26. Nab3 Kf8 27. a5 Ke7 28. Rc6 Ra8
29. e4 dxe4 30. Nxe4 Bb8 31. Rc4 f5 32. Nec5 Nxc5 33. dxc5 Bc7 34. Rxb4 Rb8 35. Rxb8
Bxb8 36. Kf3 Ke6 37. Nd4+ Kd5 38. Nxf5 Be5 39. h4 Kxc5 40. Ke4 Bc3 41. g4 Kb5 42.
Kd3 Be5 43. Ne3 Bh2 44. g5 hxg5 45. hxg5 Kxa5 46. Kc4 g6 47. Ng2 Kb6 48. Nh4 Bf4
49. Nxg6 Bxg5 50. Ne5 Bf4  1/2-1/2

[Event "Brno Open 2022 - A IM Round Robin"]
[Site "Bobycentrum hotel, Brno"]
[Date "2022.11.16"]
[Round "5"]
[Board "5"]
[White "Wiley, Tom E"]
[Black "Nemec, Jachym"]
[Result "0-1"]
[WhiteElo "2116"]
[BlackElo "2341"]
[PlyCount "82"]
[EventDate "2022.11.12"]
[EventRounds "9"]
[EventCountry "CZE"]

1. d4 Nf6 2. c4 g6 3. Nc3 d5 4. Bf4 Bg7 5. e3 O-O 6. Rc1 c6 7. Nf3 Be6 8. c5 b6 9.
b4 Nh5 10. Be5 f6 11. Bg3 Nxg3 12. hxg3 a5 13. a3 Bf7 14. Be2 b5 15. Rb1 e5 16. O-O
e4 17. Ne1 a4 18. f4 exf3 19. gxf3 Qc7 20. Kf2 Nd7 21. Rh1 Rae8 22. Ng2 Re7 23. Bd3
Rfe8 24. Qc2 Nf8 25. Rh2 f5 26. Ne2 h5 27. Rbh1 Nh7 28. Nc3 Nf6 29. Be2 Re6 30. Rd1
Rxe3 31. Nxe3 Rxe3 32. Rg2 f4 33. Bf1 Bh6 34. Ne2 fxg3+ 35. Rxg3 h4 36. Rxg6+ Bxg6
37. Qxg6+ Qg7 38. Qf5 Rxa3 39. Qc8+ Qf8 40. Qxc6 Ng4+ 41. Ke1 Rxf3  0-1